Ο Φάουστ του Γκαίτε : μετάφραση με αισθητική και φιλοσοφική ερμηνεία

Αποθηκεύτηκε σε:
Λεπτομέρειες βιβλιογραφικής εγγραφής
Κύριος συγγραφέας: Goethe, Johann Wolfgang von, 1749-1832
Άλλοι συγγραφείς: Θεοδωρακόπουλος, Ιωάννης Ν., 1900-1981 (Μεταφραστής)
Μορφή: Βιβλίο
Γλώσσα:Greek
German
Δημοσίευση: Αθήνα : Βιβλιοπωλείον της Εστίας, 2003.
Έκδοση:4η έκδοση.
Θέματα:
Ετικέτες: Προσθήκη ετικέτας
Δεν υπάρχουν, Καταχωρήστε ετικέτα πρώτοι!

MARC

LEADER 00000cam a2200000 a 4500
001 1/123383
008 210721e2003####gr | ||| |||| ||gre||
020 |a 9600509534 
040 |a GR-MyUa  |b gre  |c GR-MyUa  |e AACR2 
041 1 |a gre  |h ger 
082 7 |a 832   |2 (23) 
100 1 |a Goethe, Johann Wolfgang von,   |d 1749-1832. 
245 1 2 |a Ο Φάουστ του Γκαίτε :   |b μετάφραση με αισθητική και φιλοσοφική ερμηνεία /   |c Ι.Ν. Θεοδωρακόπουλου. 
250 |a 4η έκδοση. 
260 |a Αθήνα :   |b Βιβλιοπωλείον της Εστίας,   |c 2003. 
300 |a 553 σ. ;   |c 21 εκ. 
500 |a Περιλαμβάνει ευρετήριο. 
600 1 0 |a Goethe, Johann Wolfgang von,   |d 1749-1832.   |t Faust. 
700 1 |a Θεοδωρακόπουλος, Ιωάννης Ν.,   |d 1900-1981,  |e trl 
852 |a INST  |b SYROS  |e 20210719  |h 832 GOE  |p 005500014110  |q 005500014110  |t BK  |y 0 
970 |a Κοντού  |b Παρασκευή  |z 21/07/2021